000 00737nam a2200229Ia 4500
008 191130s2010##################000#0#eng##
020 _a9780521115698
040 _aACL
_cACL
082 _a577.01 REI
100 _aReiners, William A
245 _aPhilosophical foundations for the practices of ecology
_cWilliam Reiners, Jeffrey A. Lockwood
250 _a1st ed
260 _aCambridge
_bCambridge University Press
_c2010
300 _axiii, 212 p. : ill. ; 24 cm
500 _aIncludes bibliographical references and index
650 _aEcology - Philosophy
650 _aPerspective (Philosophy)
700 _aLockwood, Jeffrey Alan
990 _afb70e342ac10000c7314c5371b79fe9d
991 _a257027
999 _c282271
_d282271